| 000 | 00863nam a22002657a 4500 | ||
|---|---|---|---|
| 001 | 9355 | ||
| 003 | FISKH | ||
| 005 | 20251211151246.0 | ||
| 008 | 251211b cb ||||| |||| 00| 0 eng d | ||
| 020 | _a0439334896 | ||
| 040 |
_aFISKH _beng _cFISKH _dFISKH |
||
| 050 | _aQL122 .M365 | ||
| 082 | _a591.77 | ||
| 100 |
_aMarkle, Sandra _eAuthor |
||
| 245 |
_aSea babies : _bReally wild animals / _cSandra Markle |
||
| 260 |
_aNew York : _bScholastic Inc. , _c2002 |
||
| 300 |
_a30 pages : _bphotographs ; _c25 cm |
||
| 505 | _aL | ||
| 520 | _aDescribes animals who are born and grow up in the ocean, including a baby octopus who hatches from an egg and a baby elephant seal who hides in kelp to escape sharks. | ||
| 521 | 8 |
_a550
_bLexile estimate |
|
| 521 | 8 |
_aL
_bRaz-Plus |
|
| 650 |
_aBabies of the sea _vScience |
||
| 942 |
_2ddc _cBK _n0 |
||
| 999 |
_c9355 _d9355 |
||